00908nam a2200241 i 4500001000300000100002000003245008300023250001200106260005900118300005500177504002400232521010400256650003100360655002600391700002300417020002300440020002900463040000800492041000800500080001900508008004100527856009800568bg1 aBIJOK, Barbara.10aSurowce i technologia żywności.nCz. 1 /cBarbara Bijok, Franciszek Bijok. aWyd. 6. aWarszawa :bWydawnictwa Szkolne i Pedagogiczne,c1998. a226, [2] s. :bfot., mapy, rys., 2 wykr. ;c21 cm. aBibliogr. s. [228]. aDla kl. I liceum zawodowego, zawód operator procesów technologicznych przemysłu spożywczego. 9aŻywnośćxtechnologia aPodręczniki szkolne1 aBIJOK, Franciszek. a8302035440 (cz. 1) a8302036021 (całość) cBPK0 apol a664+63](075.3) s pl f |000 0 pol  uhttp://koha.tu.koszalin.pl/cgi-bin/koha/opac-detail.pl?biblionumber=36193yKatalog online BPK